00778cam a2200265 a 450000100090000000300040000900500170001300800410003001000170007102000180008803500230010603500200012904000300014905000230017908200190020210000280022124500600024925000120030926000450032130000340036650000200040050400510042065000150047170000260048614461561OSt20191231101806.0060720s2006 njua 001 0 eng  a 2006049628 a9788175967175 a(OCoLC)ocm70699026 a(OCoLC)70699026 aDLCcDLCdYDXdBAKERdDLC00aHB171.5b.H67 200600a330222bHOA/I1 aHoag, Arleen J.,d1944-10aIntroductory economics /cArleen J. Hoag, John H. Hoag. a4th ed. aNew Jersey :bWorld Scientiific,cc2006. axxv, 505 p. :bill. ;c25 cm. aIncludes index. aIncludes bibliographical references and index. 0aEconomics.1 aHoag, John H.,d1944-